00496 2200193 4500001002100000005001500021035002000036007000300056008004100059020001800100082001000118084001600128100002100144245005800165250001100223260003300234300002500267990001000292INLIS00000000001129620220510092910 a0010-0522000012ta220510 a 0 ind  a979-3806-23-0 a372.6 a372.6 SOE p0 aSOEDJONO, Wahyoe1 aPermulaan Menulis Huruf untuk TK B /cWahyoe Soedjono aCet. 1 aJakarta :bWahyumedia,c2007 a28 hlm ;c16 x 21 cm a374 a